[Event "CHN-ch U20"]
[Site "Shanghai"]
[Date "2024.02.16"]
[Round "1"]
[White "Wu, Zhaohan"]
[Black "Chen, Zhi"]
[Result "0-1"]
[WhiteElo "1291"]
[BlackElo "1885"]
[PlyCount "94"]
[EventDate "2024.02.16"]
[EventType "swiss"]
[EventRounds "11"]
[EventCountry "CHN"]
[SourceTitle "CB09_2024"]
[SourceDate "2024.02.28"]
[SourceVersion "1"]
[SourceVersionDate "2024.02.28"]
[SourceQuality "1"]

1. d4 Nf6 2. Nf3 e6 3. Bf4 c5 4. e3 d5 5. c3 Be7 6. Nbd2 0-0 7. Bd3 b6 8. Ne5 Bb7 9. Qf3 Nbd7 10. g4 Nxe5 11. dxe5 Nd7 12. h4 Qc7 13. Qg3 d4 14. Rg1 dxc3 15. bxc3 c4 16. Be4 Nc5 17. Bxb7 Qxb7 18. Ke2 Rfd8 19. Qg2 Qd7 20. Rgd1 Qd3+ 21. Kf3 Qc2 22. Rac1 Qxa2 23. Ra1 Qc2 24. Rac1 Qd3 25. Kg3 Qe2 26. Qf3 Qxf3+ 27. Nxf3 Ne4+ 28. Kg2 Rxd1 29. Rxd1 Nxc3 30. Rd7 Nd5 31. Bg5 Bxg5 32. hxg5 b5 33. Nd4 b4 34. e4 Nb6 35. Rc7 b3 36. Nb5 b2 37. Na3 g6 38. Kf3 Rb8 39. Ke2 a5 40. Kd2 Rd8+ 41. Kc2 Rd3 42. Nxc4 Nxc4 43. Rxc4 Rd2+ 44. Kb1 Rxf2 45. Ra4 Rg2 46. Rxa5 Rxg4 47. Kxb2 Rxe4 0-1

[Event "Belt and Road op-B 3rd"]
[Site "Qinhuangdao"]
[Date "2023.11.21"]
[Round "4"]
[White "Zhang, Yichi1"]
[Black "Chen, Zhi"]
[Result "0-1"]
[WhiteElo "1621"]
[BlackElo "1933"]
[PlyCount "48"]
[EventDate "2023.11.19"]
[EventType "swiss"]
[EventRounds "9"]
[EventCountry "CHN"]
[SourceTitle "CB49_2023"]
[SourceDate "2023.12.06"]
[SourceVersion "1"]
[SourceVersionDate "2023.12.06"]
[SourceQuality "1"]

1. e4 c5 2. Nf3 Nc6 3. Bc4 e6 4. a4 d5 5. exd5 exd5 6. Bb5 Nf6 7. 0-0 Be7 8. d4 0-0 9. Nc3 a6 10. Bxc6 bxc6 11. dxc5 Bxc5 12. Bg5 h6 13. Bh4 Bg4 14. h3 Bh5 15. Qd3 Bg6 16. Qd2 Qd6 17. Rae1 Rfe8 18. Bxf6 Qxf6 19. Rxe8+ Rxe8 20. Re1 Rb8 21. b3 Bb4 22. Re3 Rd8 23. Qd4 Qd6 24. Ne5 Bc5 0-1

[Event "Belt and Road op-B 3rd"]
[Site "Qinhuangdao"]
[Date "2023.11.20"]
[Round "3"]
[White "Chen, Zhi"]
[Black "Wang, Puxuan"]
[Result "1/2-1/2"]
[WhiteElo "1933"]
[BlackElo "1438"]
[PlyCount "98"]
[EventDate "2023.11.19"]
[EventType "swiss"]
[EventRounds "9"]
[EventCountry "CHN"]
[SourceTitle "CB49_2023"]
[SourceDate "2023.12.06"]
[SourceVersion "1"]
[SourceVersionDate "2023.12.06"]
[SourceQuality "1"]

1. b3 Nf6 2. Bb2 d5 3. Nf3 g6 4. g3 Bg7 5. c4 dxc4 6. bxc4 c5 7. Bg2 0-0 8. 0-0 Nc6 9. d3 Re8 10. Ne5 Qb6 11. Bc3 Nxe5 12. Bxe5 Bd7 13. Nc3 Qe6 14. Bxf6 Qxf6 15. Rc1 Bc6 16. Nd5 Qd6 17. Rb1 b6 18. Qb3 Bxd5 19. Bxd5 Rab8 20. Qb5 a5 21. Rb3 e6 22. Bf3 Bf6 23. Rfb1 Rf8 24. Qa4 Bd8 25. Rb5 Bc7 26. Qc2 Rbd8 27. Rd1 Qd4 28. Qb2 Qxb2 29. Rxb2 Rd7 30. Rdb1 Rd6 31. Kf1 h5 32. Rb3 Kg7 33. Ke1 Rfd8 34. Kd2 Rh8 35. h4 Rhd8 36. Kc2 Kf8 37. Rd1 Ke7 38. Rbb1 R6d7 39. Kb3 Rd6 40. Rd2 Rd4 41. a4 Be5 42. Kc2 Bc7 43. e3 R4d7 44. Rbd1 Be5 45. Bc6 Rd6 46. Bg2 Bf6 47. f4 Kf8 48. Rb1 Kg7 49. Rb3 e5 1/2-1/2

[Event "Belt and Road op-B 3rd"]
[Site "Qinhuangdao"]
[Date "2023.11.19"]
[Round "1"]
[White "Chen, Zhi"]
[Black "Zhang, Tiankun"]
[Result "1-0"]
[WhiteElo "1933"]
[BlackElo "1209"]
[PlyCount "87"]
[EventDate "2023.11.19"]
[EventType "swiss"]
[EventRounds "9"]
[EventCountry "CHN"]
[SourceTitle "CB49_2023"]
[SourceDate "2023.12.06"]
[SourceVersion "1"]
[SourceVersionDate "2023.12.06"]
[SourceQuality "1"]

1. e4 c5 2. c3 d5 3. exd5 Qxd5 4. Nf3 Nf6 5. d4 Bg4 6. Be2 e6 7. 0-0 Nc6 8. Be3 cxd4 9. cxd4 Be7 10. Nc3 Qd6 11. h3 Bxf3 12. Bxf3 0-0 13. d5 exd5 14. Nxd5 Nxd5 15. Qxd5 Rfd8 16. Qxd6 Bxd6 17. Rac1 Rac8 18. Rfd1 Bb8 19. Bxc6 bxc6 20. Rxd8+ Rxd8 21. Kf1 Rc8 22. Rd1 Kf8 23. Rd7 Ke8 24. Rb7 a5 25. Bb6 a4 26. Bc5 Bc7 27. Ra7 Kd7 28. Rxa4 Rb8 29. b3 Rb5 30. Rd4+ Ke6 31. b4 Rb8 32. Re4+ Kd5 33. Re7 Be5 34. Rxf7 Ra8 35. Ra7 Rxa7 36. Bxa7 Kc4 37. Bc5 Bc3 38. Ke2 Bxb4 39. Bxb4 Kxb4 40. Kd3 c5 41. f4 c4+ 42. Kc2 Kc5 43. Kc3 Kd5 44. a4 1-0

[Event "Tianjin Binhai Cup-A 3rd"]
[Site "Tianjin"]
[Date "2023.08.22"]
[Round "4"]
[White "Chen, Zhi"]
[Black "Cheng, Zihan"]
[Result "1/2-1/2"]
[WhiteElo "1989"]
[BlackElo "1822"]
[PlyCount "79"]
[EventDate "2023.08.20"]
[EventType "swiss"]
[EventRounds "9"]
[EventCountry "CHN"]
[SourceTitle "CBM 215 Extra"]
[Source "ChessBase"]
[SourceDate "2023.09.30"]
[SourceVersion "1"]
[SourceVersionDate "2023.09.30"]
[SourceQuality "1"]

1. e4 e6 2. d4 d5 3. Nc3 dxe4 4. Nxe4 Bd7 5. Nf3 Bc6 6. Bd3 Nd7 7. 0-0 Ngf6 8. Qe2 Nxe4 9. Bxe4 Bxe4 10. Qxe4 c6 11. c4 Be7 12. Be3 0-0 13. Rfd1 Nf6 14. Qc2 Qa5 15. a3 Qh5 16. h3 Rfd8 17. Bf4 Qf5 18. Qxf5 exf5 19. Bg5 h6 20. Bxf6 Bxf6 21. Rd2 c5 22. Rad1 cxd4 23. Nxd4 Rac8 24. b3 g6 25. Nb5 Rxd2 26. Rxd2 a6 27. Nd6 Rd8 28. Rd5 b6 29. b4 Kf8 30. c5 Be7 31. Kf1 Bxd6 32. cxd6 f6 33. b5 a5 34. Ke2 Kf7 35. Kd3 Ke6 36. Kd4 Rxd6 37. Rxd6+ Kxd6 38. f4 g5 39. g3 h5 40. h4 1/2-1/2

[Event "CHN-ch U16"]
[Site "Shenzhen"]
[Date "2023.07.30"]
[Round "5"]
[White "Gu, Yi"]
[Black "Chen, Zhi"]
[Result "0-1"]
[WhiteElo "1669"]
[BlackElo "1989"]
[PlyCount "88"]
[EventDate "2023.07.28"]
[EventType "swiss"]
[EventRounds "11"]
[EventCountry "CHN"]
[SourceTitle "CBM 215 Extra"]
[Source "ChessBase"]
[SourceDate "2023.09.30"]
[SourceVersion "1"]
[SourceVersionDate "2023.09.30"]
[SourceQuality "1"]

1. d4 Nf6 2. c4 e6 3. Nf3 b6 4. g3 Bb7 5. Bg2 Be7 6. 0-0 0-0 7. Nc3 Ne4 8. Nxe4 Bxe4 9. b3 d5 10. Bb2 Nd7 11. Nd2 Bxg2 12. Kxg2 c5 13. cxd5 exd5 14. Rc1 Rc8 15. Nf3 Bf6 16. Qd3 Re8 17. e3 Qe7 18. Qf5 Qe6 19. Qxe6 fxe6 20. Ba3 c4 21. bxc4 dxc4 22. Nd2 b5 23. Ne4 Rc6 24. Rb1 Rb8 25. Rfc1 Bd8 26. Nc5 Nxc5 27. Bxc5 Ra6 28. Rb2 Ra4 29. Rcb1 a6 30. a3 Rc8 31. Rb4 Rxa3 32. Rxb5 axb5 33. Bxa3 Rb8 34. Bb4 Kf7 35. Ra1 Rb7 36. Kf3 Be7 37. Bxe7 Kxe7 38. Ke2 Kd7 39. Kd2 b4 40. Kc2 Kc6 41. Ra6+ Rb6 42. Ra7 b3+ 43. Kb2 c3+ 44. Kb1 b2 0-1

[Event "CHN-ch U16"]
[Site "Shenzhen"]
[Date "2023.07.28"]
[Round "2"]
[White "Chen, Zhi"]
[Black "Xu, Pengmo"]
[Result "1/2-1/2"]
[WhiteElo "1989"]
[BlackElo "1559"]
[PlyCount "91"]
[EventDate "2023.07.28"]
[EventType "swiss"]
[EventRounds "11"]
[EventCountry "CHN"]
[SourceTitle "CBM 215 Extra"]
[Source "ChessBase"]
[SourceDate "2023.09.30"]
[SourceVersion "1"]
[SourceVersionDate "2023.09.30"]
[SourceQuality "1"]

1. e4 c6 2. Nf3 d5 3. Nc3 Bg4 4. h3 Bh5 5. d4 dxe4 6. Nxe4 e6 7. Be2 Nd7 8. 0-0 Ngf6 9. Ng3 Bg6 10. Nh4 Be7 11. c3 Qc7 12. Nxg6 hxg6 13. Qc2 0-0 14. Ne4 Nxe4 15. Qxe4 Nf6 16. Qc2 Rfd8 17. Bf3 Rac8 18. Qb3 Nd5 19. Rd1 Bf6 20. Bd2 Ne7 21. a4 Nf5 22. a5 Rd7 23. Be4 Rcd8 24. g4 Nxd4 25. cxd4 Rxd4 26. a6 bxa6 27. Be3 Rxe4 28. Rxd8+ Qxd8 29. Rxa6 Qd6 30. g5 Rb4 31. Rxc6 Rxb3 32. Rxd6 Bxb2 33. Rd8+ Kh7 34. Ra8 Ra3 35. Rxa7 Rxa7 36. Bxa7 Bc1 37. h4 f6 38. Kg2 fxg5 39. hxg5 Bxg5 40. Kf3 Kg8 41. Kg4 Bf6 42. Bc5 Kf7 43. Be3 Ke7 44. Bc5+ Kd7 45. f3 Kc6 46. Ba3 1/2-1/2

[Event "CHN-chT"]
[Site "Hangzhou"]
[Date "2023.05.19"]
[Round "1.3"]
[White "Chen, Hongsen"]
[Black "Chen, Zhi"]
[Result "0-1"]
[WhiteElo "1995"]
[BlackElo "1892"]
[PlyCount "110"]
[EventDate "2023.05.19"]
[EventType "team-swiss"]
[EventRounds "9"]
[EventCountry "CHN"]
[SourceTitle "CBM 214 Extra"]
[Source "ChessBase"]
[SourceDate "2023.07.31"]
[SourceVersion "1"]
[SourceVersionDate "2023.07.31"]
[SourceQuality "1"]
[WhiteTeam "Jiangsu"]
[BlackTeam "Zhejiang"]
[WhiteTeamCountry "CHN"]
[BlackTeamCountry "CHN"]

1. Nf3 Nf6 2. c4 e6 3. g3 b6 4. Bg2 Bb7 5. 0-0 Be7 6. d4 0-0 7. Nc3 Ne4 8. Qc2 Nxc3 9. Qxc3 f5 10. Rd1 Bf6 11. b4 d6 12. Bb2 Re8 13. c5 Bd5 14. Ne1 Bxg2 15. Nxg2 bxc5 16. bxc5 dxc5 17. Qxc5 Nd7 18. Qc2 Nb6 19. Nf4 Nd5 20. Nxd5 Qxd5 21. e3 Rab8 22. Ba3 Rb7 23. Bc5 Reb8 24. Rab1 a6 25. Rdc1 h6 26. Rxb7 Rxb7 27. Qa4 Rb2 28. a3 Bg5 29. Qc4 Bxe3 30. Qxd5 Bxf2+ 31. Kf1 exd5 32. Rc3 Rd2 33. Rf3 Bxd4 34. Ke1 Bxc5 35. Kxd2 g6 36. Rc3 Bb6 37. Rc6 Kg7 38. Re6 Kf7 39. Re5 c6 40. Kd3 Bc7 41. Re2 c5 42. Rb2 Ke6 43. Rb7 c4+ 44. Kc2 Kd6 45. Ra7 d4 46. Rxa6+ Kd5 47. Rxg6 d3+ 48. Kd1 c3 49. Rf6 Bd6 50. Rxf5+ Kc4 51. Ra5 Bc5 52. Ra4+ Kb3 53. Re4 Bxa3 54. Re1 c2+ 55. Kd2 Bb4+ 0-1

[Event "CHN-ch sf"]
[Site "Hefei"]
[Date "2023.04.26"]
[Round "8"]
[White "Jiang, Haochen"]
[Black "Chen, Zhi"]
[Result "1-0"]
[WhiteElo "1523"]
[BlackElo "1980"]
[PlyCount "73"]
[EventDate "2023.04.23"]
[EventType "swiss"]
[EventRounds "11"]
[EventCountry "CHN"]
[SourceTitle "CBM 214 Extra"]
[Source "ChessBase"]
[SourceDate "2023.07.31"]
[SourceVersion "1"]
[SourceVersionDate "2023.07.31"]
[SourceQuality "1"]

1. e4 c5 2. Nf3 Nc6 3. Bb5 g6 4. 0-0 Bg7 5. c3 e5 6. d3 Nge7 7. Be3 d6 8. d4 cxd4 9. cxd4 0-0 10. d5 Nb8 11. Nc3 Bg4 12. Be2 Bxf3 13. Bxf3 f5 14. Qb3 Qd7 15. Rac1 fxe4 16. Be2 Nf5 17. Nxe4 Na6 18. h3 Kh8 19. a3 Nxe3 20. Qxe3 Nc7 21. Qb3 Ne8 22. Bg4 Qe7 23. Qb4 Rd8 24. Qa4 Bh6 25. Rc3 b6 26. Qc2 Rb8 27. Be6 Rb7 28. Rd1 Nc7 29. Qb3 Rbb8 30. Rc6 Rfd8 31. Qc4 Ne8 32. Rd3 Rb7 33. Rf3 b5 34. Qb4 Qh4 35. g3 a5 36. Qe1 Qe7 37. Rf7 1-0

[Event "CHN-chT"]
[Site "Nanjing"]
[Date "2023.02.20"]
[Round "7.4"]
[White "Chen, Zhi"]
[Black "Liu, Yiming1111"]
[Result "1-0"]
[WhiteElo "1921"]
[BlackElo "1482"]
[PlyCount "120"]
[EventDate "2023.02.14"]
[EventType "team-swiss"]
[EventRounds "9"]
[EventCountry "CHN"]
[SourceTitle "CBM 212 Extra"]
[Source "ChessBase"]
[SourceDate "2023.03.31"]
[SourceVersion "1"]
[SourceVersionDate "2023.03.31"]
[SourceQuality "1"]
[WhiteTeam "Zhejiang"]
[BlackTeam "Hebei"]
[WhiteTeamCountry "CHN"]
[BlackTeamCountry "CHN"]

1. e4 c5 2. Nf3 d6 3. c3 Nf6 4. Be2 g6 5. 0-0 Bg7 6. Re1 0-0 7. Bf1 Nc6 8. d4 cxd4 9. cxd4 Bg4 10. Nc3 Nd7 11. d5 Nce5 12. Be2 Bxf3 13. gxf3 Rc8 14. Nb5 a6 15. Na3 b5 16. Bd2 Qb6 17. Rc1 Rxc1 18. Qxc1 Qb7 19. f4 Rc8 20. Qb1 Nc4 21. Nxc4 bxc4 22. Rc1 Nb6 23. Be3 a5 24. b4 Na4 25. bxa5 Qxb1 26. Rxb1 Nc3 27. Re1 Nxe2+ 28. Rxe2 Ra8 29. Rc2 Rxa5 30. Rxc4 Rxa2 31. e5 Ra5 32. Rc8+ Bf8 33. f5 Kg7 34. f6+ exf6 35. exf6+ Kxf6 36. Rxf8 Rxd5 37. Kg2 Ke7 38. Ra8 h5 39. Kf3 Rf5+ 40. Ke4 Re5+ 41. Kd4 Rb5 42. Kc4 Rf5 43. f4 Kd7 44. h4 Rf6 45. Ra7+ Ke6 46. Ra5 Kd7 47. Kd4 Kc6 48. f5 Kb6 49. Bg5 Rxf5 50. Rxf5 gxf5 51. Kd5 Kc7 52. Bf4 Kd7 53. Bxd6 f6 54. Bb4 f4 55. Ke4 Ke6 56. Kxf4 Kf7 57. Kf5 Kg7 58. Bc3 Kh7 59. Kxf6 Kh6 60. Kf5 Kh7 1-0

[Event "CHN-chT"]
[Site "Nanjing"]
[Date "2023.02.17"]
[Round "4.3"]
[White "Chen, Zhi"]
[Black "Zhang, Hong"]
[Result "1-0"]
[WhiteElo "1921"]
[BlackElo "2177"]
[PlyCount "49"]
[EventDate "2023.02.14"]
[EventType "team-swiss"]
[EventRounds "9"]
[EventCountry "CHN"]
[SourceTitle "CBM 212 Extra"]
[Source "ChessBase"]
[SourceDate "2023.03.31"]
[SourceVersion "1"]
[SourceVersionDate "2023.03.31"]
[SourceQuality "1"]
[WhiteTeam "Zhejiang"]
[BlackTeam "Shanghai"]
[WhiteTeamCountry "CHN"]
[BlackTeamCountry "CHN"]

1. e4 c5 2. Nf3 d6 3. d4 cxd4 4. Nxd4 Nf6 5. Nc3 Nc6 6. Be2 e5 7. Nb3 Be7 8. 0-0 0-0 9. Be3 a5 10. Nd2 Rb8 11. Kh1 Bd7 12. Nc4 b5 13. Nxd6 Bxd6 14. Qxd6 b4 15. Nb5 Nxe4 16. Qd5 Nf6 17. Qc5 Rc8 18. Nd6 Rc7 19. Rad1 Nd4 20. Qxe5 Nxe2 21. Bb6 Bg4 22. Qxa5 Ne8 23. Nxe8 Qh4 24. Bxc7 Rxe8 25. Qxb4 1-0

[Event "CHN-chB"]
[Site "Qiziwan"]
[Date "2023.02.03"]
[Round "10"]
[White "Chen, Zhi"]
[Black "Li, Haoyu B"]
[Result "1/2-1/2"]
[WhiteElo "1921"]
[BlackElo "2136"]
[PlyCount "86"]
[EventDate "2023.01.30"]
[EventType "swiss"]
[EventRounds "11"]
[EventCountry "CHN"]
[SourceTitle "CBM 212 Extra"]
[Source "ChessBase"]
[SourceDate "2023.03.31"]
[SourceVersion "1"]
[SourceVersionDate "2023.03.31"]
[SourceQuality "1"]

1. e4 c5 2. Nf3 e6 3. c3 d5 4. exd5 exd5 5. d4 Nf6 6. Be2 Be7 7. 0-0 0-0 8. dxc5 Bxc5 9. Bg5 Be6 10. Nbd2 Nc6 11. Nb3 Be7 12. Nfd4 Qd6 13. Re1 Rfe8 14. Bf3 a6 15. Bh4 Ne5 16. Bg3 Nxf3+ 17. Qxf3 Qd7 18. Bh4 Rad8 19. h3 Ne4 20. Bxe7 Qxe7 21. Qf4 Qd6 22. Qxd6 Nxd6 23. Nc5 Bc8 24. Rad1 Rxe1+ 25. Rxe1 Kf8 26. f3 Re8 27. Kf2 Rxe1 28. Kxe1 Ke7 29. Nd3 Ne8 30. Kd2 Kd6 31. Ke3 g5 32. f4 f6 33. fxg5 fxg5 34. Nf3 h6 35. h4 g4 36. Nfe5 Be6 37. Ng6 Ng7 38. g3 Nh5 39. Ngf4 Nxg3 40. Nxe6 Kxe6 41. Kf4 Ne4 42. Kxg4 Nf6+ 43. Kf4 b6 1/2-1/2

[Event "CHN-chB"]
[Site "Qiziwan"]
[Date "2023.02.03"]
[Round "9"]
[White "Chen, Zhi"]
[Black "Shi, Jiashuo"]
[Result "1-0"]
[WhiteElo "1921"]
[BlackElo "1650"]
[PlyCount "51"]
[EventDate "2023.01.30"]
[EventType "swiss"]
[EventRounds "11"]
[EventCountry "CHN"]
[SourceTitle "CBM 212 Extra"]
[Source "ChessBase"]
[SourceDate "2023.03.31"]
[SourceVersion "1"]
[SourceVersionDate "2023.03.31"]
[SourceQuality "1"]

1. e4 e5 2. Nf3 Nc6 3. c3 d5 4. Qa4 dxe4 5. Nxe5 Qd5 6. Nxc6 bxc6 7. Bc4 Qd6 8. d3 exd3 9. 0-0 Ne7 10. Rd1 Bf5 11. Bf4 Qd7 12. Na3 Ng6 13. Bxd3 Bxd3 14. Rxd3 Bd6 15. Re1+ Kf8 16. Bxd6+ cxd6 17. Qb4 Rd8 18. Red1 Ke7 19. Rxd6 Qxd6 20. Rxd6 Rxd6 21. Nc4 Rhd8 22. Nxd6 Rxd6 23. Qc5 Ke6 24. h3 Nf4 25. Qe3+ Kf5 26. g4+ 1-0

[Event "CHN-chB"]
[Site "Qiziwan"]
[Date "2023.02.02"]
[Round "8"]
[White "Xie, Kaifan"]
[Black "Chen, Zhi"]
[Result "1-0"]
[WhiteElo "2212"]
[BlackElo "1921"]
[PlyCount "83"]
[EventDate "2023.01.30"]
[EventType "swiss"]
[EventRounds "11"]
[EventCountry "CHN"]
[SourceTitle "CBM 212 Extra"]
[Source "ChessBase"]
[SourceDate "2023.03.31"]
[SourceVersion "1"]
[SourceVersionDate "2023.03.31"]
[SourceQuality "1"]

1. d4 Nf6 2. c4 e6 3. Nc3 Bb4 4. Qc2 0-0 5. e4 d5 6. e5 Ne4 7. Bd3 c5 8. Nf3 cxd4 9. Nxd4 Nd7 10. Bf4 Qh4 11. g3 Qh5 12. 0-0 Bc5 13. Nb3 Nxe5 14. Be2 Nf3+ 15. Bxf3 Qxf3 16. Nxe4 dxe4 17. Nxc5 e5 18. Be3 Bh3 19. Qxe4 Qxe4 20. Nxe4 f5 21. Nc3 Bxf1 22. Kxf1 f4 23. Bd2 Rac8 24. b3 Rfd8 25. Nd5 Kf7 26. a4 fxg3 27. hxg3 e4 28. Re1 Re8 29. Ke2 a6 30. Ke3 b5 31. Kd4 bxa4 32. b4 Kg6 33. Ra1 Kf5 34. Rxa4 Rc6 35. Ne3+ Kg6 36. Ra5 Rf6 37. Ng4 Rf5 38. Ne5+ Kf6 39. Rxa6+ Ke7 40. Be3 Kf8 41. Ra5 Kg8 42. Kxe4 1-0

[Event "CHN-chB"]
[Site "Qiziwan"]
[Date "2023.02.01"]
[Round "6"]
[White "Chen, Zhi"]
[Black "Wang, Shixu B"]
[Result "1-0"]
[WhiteElo "1921"]
[BlackElo "2484"]
[PlyCount "67"]
[EventDate "2023.01.30"]
[EventType "swiss"]
[EventRounds "11"]
[EventCountry "CHN"]
[SourceTitle "CBM 212 Extra"]
[Source "ChessBase"]
[SourceDate "2023.03.31"]
[SourceVersion "1"]
[SourceVersionDate "2023.03.31"]
[SourceQuality "1"]

1. e4 c5 2. Nf3 d6 3. d4 cxd4 4. Nxd4 Nf6 5. Nc3 a6 6. Be3 e5 7. Nb3 Be6 8. Be2 Be7 9. 0-0 0-0 10. f4 b5 11. Bf3 Nbd7 12. Kh1 Rc8 13. Rg1 b4 14. Ne2 Ng4 15. Bxg4 Bxg4 16. h3 Be6 17. a3 a5 18. axb4 axb4 19. Ng3 Nf6 20. Ra7 exf4 21. Bxf4 d5 22. e5 Ne4 23. Rf1 Bh4 24. Nxe4 dxe4 25. Be3 Bg3 26. Qh5 Qd5 27. Nd4 Qxe5 28. Nf5 Bxf5 29. Rxf5 Qxb2 30. Rfxf7 Be5 31. Qf5 Qb1+ 32. Bg1 Bd4 33. Rxf8+ Rxf8 34. Qd5+ 1-0

[Event "CHN-chT"]
[Site "Liaocheng"]
[Date "2021.10.28"]
[Round "9.4"]
[White "Chen, Zhi"]
[Black "Xiao, Tong"]
[Result "1-0"]
[WhiteElo "1793"]
[BlackElo "1990"]
[PlyCount "173"]
[EventDate "2021.10.20"]
[EventType "team-swiss"]
[EventRounds "9"]
[EventCountry "CHN"]
[SourceTitle "CBM 204 Extra"]
[Source "ChessBase"]
[SourceDate "2021.11.30"]
[SourceVersion "1"]
[SourceVersionDate "2021.11.30"]
[SourceQuality "1"]
[WhiteTeam "Zhejiang"]
[BlackTeam "Shandong"]
[WhiteTeamCountry "CHN"]
[BlackTeamCountry "CHN"]

1. e4 c5 2. Nf3 d6 3. d4 cxd4 4. Qxd4 Nc6 5. Bb5 Bd7 6. Qd3 Nf6 7. Nc3 g6 8. 0-0 Bg7 9. Re1 0-0 10. Bxc6 bxc6 11. e5 Ne8 12. exd6 exd6 13. Bg5 Qb8 14. Be7 Bf5 15. Qe3 Qxb2 16. Bxf8 Qxc3 17. Bxg7 Qxe3 18. Rxe3 Nxg7 19. Nd4 c5 20. Nxf5 Nxf5 21. Rd3 h5 22. h3 Rb8 23. Rb3 Re8 24. c3 d5 25. Rd1 h4 26. Rb5 d4 27. Rxc5 dxc3 28. Rxc3 Re6 29. Rc7 a6 30. Ra7 Kg7 31. a4 Rc6 32. a5 Re6 33. Rdd7 Nh6 34. Kf1 Rc6 35. Rac7 Re6 36. Rd5 Nf5 37. Rb7 Rf6 38. Kg1 Rc6 39. Rdd7 Nh6 40. Rdc7 Rd6 41. Rc1 Rd2 42. Rb6 Nf5 43. Rxa6 Ra2 44. Ra8 Nd4 45. Rd1 Ne2+ 46. Kf1 Nc3 47. Re1 Nd5 48. a6 Nb4 49. a7 Nd3 50. Rd8 Nxe1 51. a8Q Rxa8 52. Rxa8 Nd3 53. Ke2 Nf4+ 54. Kf3 g5 55. Ra4 Ne6 56. Ra5 Kg6 57. Kg4 f6 58. g3 hxg3 59. fxg3 Ng7 60. Kf3 Nf5 61. Ra3 Nd4+ 62. Ke4 Nf5 63. Kd5 Ne7+ 64. Ke6 Nf5 65. Rd3 Ng7+ 66. Ke7 Nf5+ 67. Kf8 g4 68. hxg4 Nh6 69. Ke7 Nxg4 70. Rf3 f5 71. Ke6 Nh6 72. Rf1 Kg5 73. Rf4 Kg6 74. Rh4 Nf7 75. Rh1 Ng5+ 76. Ke5 Nf7+ 77. Kf4 Ng5 78. Rh8 Nf7 79. Rg8+ Kh7 80. Rf8 Nh6 81. Rxf5 Kg6 82. Rg5+ Kf6 83. g4 Kf7 84. Ra5 Kg7 85. Ra7+ Kf8 86. Kg5 Nf7+ 87. Kf6 1-0